000
00302pam a2200121 a 4500
020
_c
041
_h
082
_a
4.0000000000000001E-2
_b
MIC
100
_a
Microsoft
245
_a
Microsoft Encarta -2005 Encyclopedia Standard
_h
Textual Documents
260
_a
Mumbai
_b
Maharashtra State
930
_a
77
999
_c
106910
_d
106910